banner-ar

The Zoghebs : (Record no. 60559)

MARC details
000 -الفاتح
حقل البيانات ثابتة الطول 01401cam a22003734a 4500
005 - وقت وتاريخ اخر تعامل مع التسجيلة
رقم الضبط 20240530110416.0
008 - عناصر البيانات ثابتة الطول - معلومات عامة
حقل البيانات ثابتة الطول 070228s2005 ua abj f 000 0ceng
020 ## - الرقم الدولى المعيارى للكتب
الرقم الدولى المعيارى للكتاب 9776163203
040 ## - مصدر الفهرسة
وكالة الفهرسة الأصلية EG-CaGPL
وكالة النسخ EG-CaGPL
041 1# - رمز اللغة
رمز لغة النص/ المسارات الصوتية أو العنوان الانفرادي eng
رمز لغة الترجمات و/او الاصلية المتوسطة للنص fre
042 ## -
-- lcode
043 ## - رمز المنطقة الجغرافية
رمز المنطقة الجغرافية f-ua---
082 04 - رقم تصنيف ديوى العشرى
رقم الطبعة 21
رقم التصنيف 962.1
رقم المادة CC/M Z
245 04 - بيان العنوان
العنوان The Zoghebs :
بقية العنوان an Alexandrian saga /
بيان المسئوليه,etc edited by Mohamed Awad and Sahar Hamouda.
260 ## - PUBLICATION, DISTRIBUTION, ETC. (IMPRINT)
تاريخ النشر أو التوزيع 2005.
300 ## - الوصف المادى
التعداد 129 p. :
تفاصيل ماديه اخرى للوعاء ill., map, geneal. tables ;
أبعاد الوعاء 22 cm.
490 0# - بيان السلسلة
عنوان السلسلة Alexandria and Mediterranean Research Center monographs ;
رقم المجلد/ التعيين التسلسلي 2
600 30 - المدخل الاضافى بالموضوع-اسم شخصى
الإسم الشخصى De Zogheb family.
600 30 - المدخل الاضافى بالموضوع-اسم شخصى
الإسم الشخصى Ayoub Sinano family.
651 #0 - المدخل الاضافى بالموضوع - اسم جغرافى
الاسم الجغرافي Alexandria (Egypt)
التقسيم الفرعي العام History
التقسيم الفرعي الزمني 19th century.
651 #0 - المدخل الاضافى بالموضوع - اسم جغرافى
الاسم الجغرافي Alexandria (Egypt)
التقسيم الفرعي العام History
التقسيم الفرعي الزمني 20th century.
700 1# - المدخل الاضافى - اسم شخصى
الإسم الشخصى Awad, Mohamed.
700 1# - المدخل الاضافى - اسم شخصى
الإسم الشخصى Ḥammūdah, Saḥar.
700 12 - المدخل الاضافى - اسم شخصى
الإسم الشخصى De Zogheb, Patrice.
عنوان العمل Alexandria memories.
700 12 - المدخل الاضافى - اسم شخصى
الإسم الشخصى Horwitz, Janie Sinano.
عنوان العمل Saga Zogheb.
لغة العمل English
700 12 - المدخل الاضافى - اسم شخصى
الإسم الشخصى Ayoub Sinano, C.
عنوان العمل From Abukir to Alamein.
942 ## - عناصر المدخل الإضافي( كوها)
مصدر التصنيف او مخطط الترفيف Dewey Decimal Classification
Koha [default] item type كتاب
260 ## - PUBLICATION, DISTRIBUTION, ETC. (IMPRINT)
-- [Alexandria] :
-- Bibliotheca Alexandrina,
505 0# - تبصرة محتويات-الفهرس
تبصرة المحتويات المصاغة Alexandria memories / Patrice de Zogheb -- The Zogheb saga / Janie Sinano Horwitz -- From Abukir to Alamein / Christian Ayoub Sinano.
546 ## - تبصرة اللغة
تبصرة اللغة In English; The Zogheb saga translated from French.
740 02 - المدخل الاضافى - عنوان مرتبط/تحليلى غير مقيد
العنوان التحليلي/ الرابط غير مقيد Alexandria memories.
740 02 - المدخل الاضافى - عنوان مرتبط/تحليلى غير مقيد
العنوان التحليلي/ الرابط غير مقيد Zogheb saga.
740 02 - المدخل الاضافى - عنوان مرتبط/تحليلى غير مقيد
العنوان التحليلي/ الرابط غير مقيد From Abukir to Alamein.
Holdings
حالة التراجع حالة الفقد مصدر التصنيف او خطة الترفيف حالة تلف ليس للاعارة المكان المؤقت الموقع الحالى تاريخ الاكتساب اجمالي اﻻعارات رقم الطلب الباركود تاريخ اخر مشاهدة تاريخ تفعيل السعر نوع وعاء كوها
    ddc     مكتبة القاهرة الكبرى مكتبة القاهرة الكبرى 03/04/2015   962.1 CC/M Z 159653 03/04/2015 03/04/2015 كتاب

Powered By

EGPV